| 000 | 01091nam a2200277 i 4500 | ||
|---|---|---|---|
| 001 | bg | ||
| 100 | 1 | _aBURCIU, Zbigniew | |
| 245 | 1 | 0 |
_aModelowanie obszarów poszukiwania w aspekcie bezpieczeństwa transportu ludzi na morzu / _cZbigniew Burciu. |
| 260 |
_aWarszawa : _bOficyna Wydawnicza PW, _c2003. |
||
| 300 |
_a128 s. : _bil. ; _c24 cm. |
||
| 490 | 1 |
_aPrace Naukowe. Transport / Politechnika Warszawska, _x1230-9265 ; _vz. 50 |
|
| 500 | _aOpis wg okł. - W nagł. odmienny tyt. serii: Prace Naukowe Politechniki Warszawskiej. - Streszcz. ang. | ||
| 500 | _aPrace Naukowe Politechniki Warszawskiej. | ||
| 504 | _aBibliogr. | ||
| 650 | 9 |
_aRatownictwo morskie _xmetody |
|
| 650 | 9 |
_aNawigacja _xinformacja _xmetody |
|
| 650 | 9 |
_aPrądy morskie _xbadanie |
|
| 650 | 9 |
_aŻegluga _xmeteorologia _xinformacja _xmetody |
|
| 651 | 9 |
_aBałtyk _xhydrologia |
|
| 830 | 0 |
_aPrace Naukowe. Transport (Politechnika Warszawska) ; _vz. 50 |
|
| 040 | _cBPK | ||
| 041 | 0 |
_apol _beng |
|
| 080 | _a656.61.08:527:629.5:551.46(261.24):551.5 | ||
| 942 | _cKS | ||
| 008 | s pl f |000 0 pol | ||
| 999 |
_c42859 _d42859 |
||
| 856 |
_uhttp://koha.tu.koszalin.pl/cgi-bin/koha/opac-detail.pl?biblionumber=42859 _yKatalog online BPK |
||